[Event "Aeroflot Open 2005"]
[Site "Moscow RUS"]
[Date "2005.02.18"]
[EventDate "2005.02.15"]
[Round "4"]
[Result "1-0"]
[White "Levon Aronian"]
[Black "Valerij Popov"]
[WhiteElo "2684"]
[BlackElo "2588"]
[PlyCount "73"]

1. d4 d5 2. c4 c6 3. Nc3 Nf6 4. e3 a6 5. Nf3 b5 6. c5 g6
7. Qb3 a5 8. Ne5 Bg7 9. Nxb5 cxb5 10. Bxb5+ Kf8 11. O-O Ba6
12. a4 Ne4 13. Nd3 Bb7 14. f3 Nf6 15. Ne5 Qc7 16. Bd2 h5
17. c6 Bc8 18. e4 Qb6 19. Be3 Be6 20. Rac1 Na6 21. f4 Nc7
22. f5 gxf5 23. exf5 Bc8 24. Rc5 Ba6 25. Bg5 Bc8 26. Kh1 Nxe4
27. Bxe7+ Kxe7 28. Rxd5 Nxd5 29. Qxd5 Ng5 30. Nxg6+ fxg6
31. Re1+ Be6 32. Rxe6+ Kf8 33. Qd6+ Kg8 34. Bc4 Kh7 35. Re7
gxf5 36. Qf6 Rhg8 37. Qxg5 1-0

[Event "6th European Individual Championship"]
[Site "Warsaw POL"]
[Date "2005.06.30"]
[EventDate "2005.06.18"]
[Round "12"]
[Result "1-0"]
[White "Levon Aronian"]
[Black "Alexei Fedorov"]
[WhiteElo "2693"]
[BlackElo "2602"]
[PlyCount "101"]

1. d4 Nf6 2. c4 g6 3. Nf3 Bg7 4. g3 O-O 5. Bg2 d6 6. O-O Nc6
7. Nc3 a6 8. d5 Na5 9. Nd2 c5 10. Rb1 Bf5 11. e4 Bd7 12. b3 e5
13. Qc2 h5 14. h3 h4 15. g4 Nh7 16. Nd1 b5 17. Ne3 Bh6 18. Nf3
Rb8 19. Bd2 Nb7 20. Ne1 b4 21. Nd3 a5 22. a3 bxa3 23. Ra1 Bg5
24. Rxa3 Qb6 25. Kh1 Rbe8 26. Bc3 Bc8 27. Raa1 Bd8 28. f4 exf4
29. Nxf4 Bg5 30. Rae1 Re7 31. Nd3 Rfe8 32. Ba1 a4 33. bxa4 Na5
34. Qc3 f6 35. Nf4 Qb4 36. Nxg6 Rb7 37. Qc2 Qb3 38. Qf2 Nxc4
39. Nxc4 Qxc4 40. Nxh4 Qxa4 41. Ng6 Qa5 42. Qg3 Bd2 43. Re2 c4
44. Qxd6 c3 45. Qc6 Qb5 46. Ne7+ Rexe7 47. Qxc8+ Re8 48. Qc6
Qxc6 49. dxc6 Rc7 50. e5 fxe5 51. h4 1-0

[Event "XXIV European Club Cup"]
[Site "Kallithea GRE"]
[Date "2008.10.22"]
[EventDate "2008.10.17"]
[Round "6"]
[Result "1-0"]
[White "Levon Aronian"]
[Black "Andrei Volokitin"]
[WhiteElo "2757"]
[BlackElo "2659"]
[PlyCount "63"]

1. d4 d5 2. c4 c6 3. Nc3 Nf6 4. e3 g6 5. Nf3 Bg7 6. h3 O-O
7. Bd3 Be6 8. Ng5 Bf5 9. Bxf5 gxf5 10. Qb3 Qb6 11. Qc2 e6
12. g4 h6 13. Nf3 fxg4 14. hxg4 Nxg4 15. e4 dxc4 16. e5 Nd7
17. Be3 f5 18. O-O-O c5 19. d5 f4 20. Ng5 hxg5 21. Qh7+ Kf7
22. Ne4 exd5 23. e6+ Kxe6 24. Qxg7 Ngf6 25. Bxc5 Nxc5
26. Nxc5+ Qxc5 27. Rde1+ Kf5 28. Rh5 Nxh5 29. Re5+ Kg4
30. Qxg5+ Kf3 31. Qxh5+ Kxf2 32. Qe2+ 1-0

[Event "European Team Championship"]
[Site "Porto Carras GRE"]
[Date "2011.11.06"]
[EventDate "?"]
[Round "4.1"]
[Result "1-0"]
[White "Levon Aronian"]
[Black "Hrvoje Stevic"]
[WhiteElo "2802"]
[BlackElo "2612"]
[PlyCount "69"]

1. c4 c5 2. Nf3 Nc6 3. Nc3 g6 4. e3 Nf6 5. d4 cxd4 6. exd4 d5
7. cxd5 Nxd5 8. Qb3 Nxc3 9. Bc4 e6 10. bxc3 Bg7 11. Ba3 Bf8
12. Bxf8 Kxf8 13. O-O Kg7 14. Qb5 Qc7 15. Be2 Rd8 16. Rfd1 b6
17. c4 Ne7 18. Qb2 Kg8 19. Ne5 h5 20. Rac1 Bb7 21. d5 exd5
22. cxd5 Qd6 23. Nc4 Qf4 24. d6 Nf5 25. d7 Qg5 26. g3 h4
27. g4 Ng7 28. Qe5 Ne6 29. Qxg5 Nxg5 30. Ne5 Kg7 31. Rc3 Ne6
32. Re3 Nc5 33. g5 f6 34. gxf6+ Kxf6 35.Rd6+ 1-0

[Event "European Team Championship"]
[Site "Porto Carras/Greece"]
[Date "2011.11.07"]
[EventDate "?"]
[Round "5"]
[Result "0-1"]
[White "Sune Berg Hansen"]
[Black "Levon Aronian"]
[WhiteElo "2566"]
[BlackElo "2802"]
[PlyCount "78"]

1. e4 e5 2. Nf3 Nc6 3. Bc4 Bc5 4. c3 Nf6 5. d3 a6 6. Bb3 d6
7. O-O O-O 8. Bg5 Ba7 9. Nbd2 Kh8 10. h3 10... h6 11. Be3 Bxe3
12. fxe3 Ne7 13. Nh4 Ng6 14. Qe1 a5 15. a4 c6 16. d4 Bd7
17. Qg3 Kh7 18. Nf5 Be6 19. Bc2 Ne8 20. Rf2 f6 21. Qf3 Nh8
22. Raf1 Qb6 23. b3 Qc7 24. g4 b5 25. h4 bxa4 26. bxa4 Qd8
27. Qg3 g6 28. g5 gxf5 29. exf5 Bc8 30. dxe5 dxe5 31. Ne4 Ra7
32. Qg4 Qb6 33. Kh1 Ba6 34. Rg1 Rg7 35. Qh5 Nf7 36. g6+ Kh8
37. gxf7 Qxe3 38.fxe8 Qh3+ 39.Rh2 Rxg1+ 0-1

[Event "Yerevan Chess Giants"]
[Site "Yerevan ARM"]
[Date "2008.06.13"]
[EventDate "2008.06.09"]
[Round "9"]
[Result "1-0"]
[White "Levon Aronian"]
[Black "Alexander Morozevich"]
[WhiteElo "2763"]
[BlackElo "2774"]
[PlyCount "111"]

1. d4 d5 2. c4 c6 3. Nf3 Nf6 4. Nc3 a6 5. e3 e6 6. b3 Bb4
7. Bd2 O-O 8. Bd3 Nbd7 9. O-O Bd6 10. Rc1 e5 11. cxd5 cxd5
12. dxe5 Nxe5 13. Nxe5 Bxe5 14. Ne2 Bg4 15. f3 Bh5 16. Bc3 Qd6
17. Bxe5 Qxe5 18. Qd2 Rfe8 19. Rc3 Bg6 20. Bxg6 hxg6 21. Qd4
Qe7 22. Rfc1 Rad8 23. Kf2 Qd6 24. h3 Rd7 25. Rc8 Rde7 26. R1c5
g5 27. Qc3 Qe6 28. Rxe8+ Rxe8 29. Nd4 Qe5 30. Rc8 g6 31. Rxe8+
Qxe8 32. Qc7 Qd7 33. Qe5 Nh7 34. a4 Qd8 35. Ne2 Nf6 36. Nc3
Qb6 37. Nxd5 Nxd5 38. Qxd5 Qb4 39. a5 b5 40. axb6 Qxb6 41. Ke2
Qc7 42. b4 Qc2+ 43. Qd2 Qb3 44. Kf2 Kh7 45. Kg1 Qc4 46. e4 Kg7
47. Qd6 Qc1+ 48. Kh2 Qc3 49. e5 Qc4 50. Qf6+ Kg8 51. e6 Qc7+
52. f4 gxf4 53. exf7+ Qxf7 54. Qxa6 Kg7 55. Qc6 Qb3 56. Qc7+
1-0

[Event "Zurich Chess Challenge"]
[Site "Zurich SUI"]
[Date "2016.02.14"]
[EventDate "2016.02.12"]
[Round "4"]
[Result "0-1"]
[White "Alexey Shirov"]
[Black "Levon Aronian"]
[WhiteElo "2684"]
[BlackElo "2792"]
[PlyCount "76"]

1. e4 e5 2. Nf3 Nc6 3. Bb5 Nf6 4. O-O Nxe4 5. d4 Nd6 6. Bxc6
dxc6 7. dxe5 Nf5 8. Qxd8+ Kxd8 9. Nc3 Be7 10. h3 Nh4 11. Rd1+
Ke8 12. Nd4 Ng6 13. f4 h5 14. Ne4 h4 15. Be3 a6 16. c4 Rh5
17. Rd3 f6 18. exf6 gxf6 19. Rf1 Bd7 20. f5 Ne5 21. Rc3 Kf7
22. Bf4 Rd8 23. Bxe5 fxe5 24. Nf3 Bxf5 25. Nxh4 Bxh4 26. g4
Ke7 27. gxf5 Rd4 28. Nc5 Rd2 29. Kh1 Rxb2 30. Rd3 Bf6 31. Ne4
Rh4 32. Re3 Rxa2 33. Rb1 b6 34. Rbe1 Rc2 35. c5 b5 36. Ra3 Rf4
37. Rxa6 Bh4 38. f6+ Kf7 0-1